00717nam a2200241Ia 4500008004000000020001800040041000800058082001600066100002300082245003400105260003400139300000800173650000700181650000800188650000900196650001000205650001100215650000900226690002000235906001100255999001900266952019000285210210b2014 xxu||||| |||| 00| 0 eng d a9780701189051 aeng a823.92 FLAN aFLANAGAN (Richard) aNarrow road to the deep north aLondonbChatto & Windusc2014 a448 ato athe aroad anorth aNarrow adeep aEnglish Fiction a069473 c118955d118955 001040708EnglishaALbALcEnglish Literatured2021-02-17eNavakarnataka Publication Pvt Ltd Mangaloreg599.00l2o823.92 FLANp069473r2026-01-02 08:48:15s2025-12-18w2021-02-17yBK